| 000 | 00395 a2200145 4500 | ||
|---|---|---|---|
| 999 |
_c6264 _d6264 |
||
| 020 | _a949981400 | ||
| 050 | _aPL8745 SIH 1975 | ||
| 100 |
_aSihlangu, Aram B. _eauthor |
||
| 245 |
_aTa Ka Mpisane / _cAram B. Sihlangu |
||
| 264 |
_aBraamfontein : _bSasavona Publishers and Booksellers, _c1975 |
||
| 300 | _a75p. ; | ||
| 500 | _aVenda | ||
| 650 | _aVenda literature | ||
| 942 |
_2lcc _cBK _h8745 _iSIH _kPL |
||